Welcome to CU Library Online Public Access Catalogue (OPAC)

GENESIS; (Record no. 6611)

MARC details
000 -LEADER
fixed length control field 00344nam a22001337a 4500
005 - DATE AND TIME OF LATEST TRANSACTION
control field 20250620134737.0
008 - FIXED-LENGTH DATA ELEMENTS--GENERAL INFORMATION
fixed length control field 250620b |||||||| |||| 00| 0 eng d
050 ## - LIBRARY OF CONGRESS CALL NUMBER
Classification number BR1235
Item number .3 VON
100 ## - MAIN ENTRY--PERSONAL NAME
Personal name VON RAD GERHARD
245 ## - TITLE STATEMENT
Title GENESIS;
Remainder of title A COMMENTARY
260 ## - PUBLICATION, DISTRIBUTION, ETC.
Place of publication, distribution, etc. PHILADELPHIA
Name of publisher, distributor, etc. THE WESTMINSTER PRESS
Date of publication, distribution, etc. c1946
300 ## - PHYSICAL DESCRIPTION
Extent 434p
942 ## - ADDED ENTRY ELEMENTS (KOHA)
Source of classification or shelving scheme Library of Congress Classification
Koha item type Books
Suppress in OPAC No
999 ## -
-- 6611
-- 6611
Holdings
Withdrawn status Lost status Source of classification or shelving scheme Damaged status Not for loan Collection Home library Current library Shelving location Date acquired Total checkouts Full call number Barcode Date last seen Copy number Price effective from Koha item type
    Library of Congress Classification     Non-fiction Undergraduate Library (Christ Temple) Undergraduate Library (Christ Temple) General stacks 06/20/2025   BR1235.3 VON ulct00003468 06/20/2025 1 06/20/2025 Books
© 2023-2024 Copyright: Central University Libraries. All Rights Reserved | Created by: Mahone Tech Office